All Tekken Characters - Statistics

General Stats
  • This quiz has been taken 1,944 times
    7 since last reset
  • The average score is 63 of 103
Answer Stats
Introduced in Answer % Correct
Guests in T7/FR Akuma
100%
Introduced in T1 Devil Kazuya
100%
Introduced in T3 Jin Kazama
100%
Introduced in T1 Nina Williams
100%
Introduced in T1 Anna Williams
80%
Introduced in T1 Armor King I
80%
Introduced in T5/DR Asuka Kazama
80%
Introduced in T2 Bruce Irvin
80%
Introduced in T3 Bryan Fury
80%
Introduced in T1 Chaolan Lee
80%
Introduced in T7/FR Claudio Serafino
80%
Introduced in T5/DR Devil Jin
80%
Introduced in T3 Eddy Gordo
80%
Introduced in T5/DR Emilie "Lili" De Rochefort
80%
Introduced in T3 Forest Law
80%
Introduced in T1 Heihachi Mishima
80%
Introduced in T3 Hwoarang
80%
Introduced in T2 Jun Kazama
80%
Introduced in T7/FR Kazumi Hachijou
80%
Introduced in T1 Kuma
80%
Introduced in T6/BR Lars Alexandersson
80%
Introduced in T7/FR Leroy Smith
80%
Introduced in T7/FR Lucky Chloe
80%
Introduced in T1 Marshall Law
80%
Introduced in T7/FR Master Raven
80%
Introduced in T6/BR Miguel Caballero Rojo
80%
Guests in T7/FR Negan Smith
80%
Introduced in T3 Panda
80%
Introduced in T1 Paul Phoenix
80%
Introduced in T5/DR Raven
80%
Introduced in T8 Reina Mishima
80%
Introduced in T6/BR Robert "Bob" Richards
80%
Introduced in T2 Roger
80%
Introduced in T5/DR Roger Jr.
80%
Introduced in T5/DR Sergei Dragunov
80%
Introduced in T7/FR Shaheen
80%
Introduced in T8 Victor Chevalier
80%
Introduced in T5/DR Wei Feng
80%
Introduced in T1 Yoshimitsu
80%
Introduced in T6/BR Zafina
80%
Introduced in T2 Alex
60%
Introduced in T6/BR Alisa Bosconovitch
60%
Introduced in T3 Ancient Ogre
60%
Introduced in T2 Angel
60%
Introduced in T8 Angel Jin
60%
Introduced in T6/BR Azazel
60%
Introduced in T8 Azucena Milagros Ortiz Castillo
60%
Introduced in T4 Christie Monteiro
60%
Introduced in T8 Clive Rosfield
60%
Introduced in T3 Dr. Geppetto Bosconovitch
60%
Introduced in T6/BR Eleonor "Leo" Kliesen
60%
Introduced in T7/FR Fahkumram
60%
Guests in T7/FR Geese Howard
60%
Introduced in T1 Jack
60%
Introduced in T2 Jack-2
60%
Introduced in T3 Jack-3 / Gun Jack
60%
Introduced in T5/DR Jack-5
60%
Introduced in T7/FR Jack-7
60%
Introduced in T8 Jack-8
60%
Introduced in T5/DR Jinpachi Mishima
60%
Introduced in T1 Jinrei Wang
60%
Introduced in T7/FR Josie Rizal
60%
Introduced in T3 Julia Chang
60%
Introduced in T7/FR Katarina Alves
60%
Introduced in T1 Kazuya Mishima
60%
Introduced in T1 King I
60%
Introduced in T1 Kunimitsu
60%
Introduced in T3 Mokujin
60%
Guests in T7/FR Noctis Lucis Caelum
60%
Introduced in TTT2 Slim Bob
60%
Introduced in T4 Steve Fox
60%
Introduced in T3 True Ogre
60%
Introduced in TTT1 Unknown
60%
Introduced in T4 Violet
60%
Introduced in T2 Wulong Lei
60%
Introduced in T5/DR Armor King II
40%
Introduced in T4 Craig Marduk
40%
Introduced in T7/FR Devil Kazumi
40%
Introduced in T2 Doo-San Baek
40%
Introduced in TR Eliza
40%
Introduced in T1 Ganryu
40%
Introduced in T7/FR Gigas
40%
Introduced in T6/BR Jack-6
40%
Introduced in SFXTK Jack-X
40%
Introduced in T3 King II
40%
Introduced in T3 Kuma Jr.
40%
Introduced in T7/FR Kunimitsu II
40%
Introduced in T1 Michelle Chang
40%
Introduced in T1 Prototype Jack
40%
Introduced in T3 Tiger Jackson
40%
Introduced in T3 Xiaoyu Ling
40%
Guest in T8 Yujiro Hanma
40%
Introduced in T4 Combot
20%
Guest character in T3 Gon
20%
Introduced in TTT2 Jaycee
20%
Introduced in TR Kinjin
20%
Introduced in T7/FR Lidia Sobieska
20%
Introduced in T8 Miary Zo
20%
Introduced in T4 Miharu Hirano
20%
Introduced in T6/BR NANCY-MI847J
20%
Introduced in TTT2 Sebastian
20%
Introduced in TTT1 Tetsujin
20%
Introduced in T8 True Devil Kazuya
20%
No matching quizzes found
Score Distribution
Percent of People with Each Score
Percentile by Number Answered
Your Score History
You have not taken this quiz since the last reset